Regulácia pracovného času ako forma zosúlaďovania práce a rodiny
Zosúladenie pracovného a rodinného života je uznávaným a podporovaným cieľom politík krajín EÚ. Miera kolektívneho vyjednávania a rozmanitosť politík podporujúcich tieto mechanizmy na nadnárodnej úrovni. Smernica EÚ o pracovných podmienkach, ktorú členské krajiny implementovali do praxe. Zlepšenie k...
Na minha lista:
| Autor principal: | |
|---|---|
| Outros Autores: | |
| Formato: | Capítulo de Livro |
| Idioma: | eslovaco |
| Assuntos: | |
| Tags: |
Sem tags, seja o primeiro a adicionar uma tag!
|
MARC
| LEADER | 00000nla$a2200000$$$4500 | ||
|---|---|---|---|
| 001 | 0145318 | ||
| 005 | 20240502072619.7 | ||
| 041 | 0 | |a slo | |
| 044 | |a SK | ||
| 245 | 1 | 0 | |a Regulácia pracovného času ako forma zosúlaďovania práce a rodiny |c Zuzana Poláčiková, Jana Gurníková |
| 520 | |a Zosúladenie pracovného a rodinného života je uznávaným a podporovaným cieľom politík krajín EÚ. Miera kolektívneho vyjednávania a rozmanitosť politík podporujúcich tieto mechanizmy na nadnárodnej úrovni. Smernica EÚ o pracovných podmienkach, ktorú členské krajiny implementovali do praxe. Zlepšenie kvality života zamestnancov a ich rodín. | ||
| 610 | 2 | 0 | |a Európska únia |
| 610 | 2 | 0 | |a politika rodinná |
| 610 | 2 | 0 | |a právo pracovné |
| 610 | 2 | 0 | |a doba pracovná |
| 610 | 2 | 0 | |a vzťahy pracovnoprávne |
| 610 | 2 | 0 | |a partnerstvo sociálne |
| 610 | 2 | 0 | |a smernice |
| 610 | 2 | 0 | |a spolupráca medzinárodná |
| 100 | 1 | |a Poláčiková, Zuzana | |
| 700 | 1 | |a Gurníková, Jana, 1985- | |